000 00861nam a22001697a 4500
003 UA-OsUOA
001 17787
007 ta
008 20040326b un ||||| |||| 00| 0 ukr d
942 _cSA
040 _aUA-OsUOA
_cUA-OsUOA
_dUA-OsUOA
245 _aРівнянин - абсолюний чемпіон України
_b[На чемпіонаті України із зимового поліатлону вдало виступили рівнен. спортсмени - учитель фізкультури із с.Сіянці Остроз. р-ну П.Сидорчук та тренер - викладач ДЮСШ "Колос" м.Березне О.Білера здобули
300 _aС.1
955 _a0
773 0 _w0
_tВільне слово
_dРівне
_d2004
_g№23/10 берез./
650 7 _aCидорчук П., Білера О.
_2UDC
999 _c303955
_d303955